Un rostro en cada ola / (Record no. 178549)

MARC details
000 -LEADER
campo de control de longitud fija 00651nam a22002175i 4500
001 - NÚMERO DE CONTROL
campo de control 178549
003 - IDENTIFICADOR DE NÚMERO DE CONTROL
campo de control ES-MaACL
005 - FECHA Y HORA DE LA ÚLTIMA TRANSACCIÓN
campo de control 20231207063039.0
008 - DATOS DE LONGITUD FIJA--INFORMACIÓN GENERAL
campo de control de longitud fija 110607s1982 sp |||| | spa d
020 ## - NÚMERO INTERNACIONAL ESTÁNDAR DEL LIBRO
Número Internacional Estándar del Libro 84-500-5440-0
080 ## - NÚMERO DE LA CLASIFICACIÓN DECIMAL UNIVERSAL
Número de la Clasificación Decimal Universal 821.134.2-14"19"
100 1# - ENTRADA PRINCIPAL--NOMBRE DE PERSONA
Nombre de persona Rosales, Luis,
Fechas asociadas al nombre 1910-1992
9 (RLIN) 99644
245 13 - MENCIÓN DEL TÍTULO
Título Un rostro en cada ola /
Mención de responsabilidad, etc. Luis Rosales.
260 ## - PUBLICACIÓN, DISTRIBUCIÓN, ETC.
Lugar de publicación, distribución, etc. Melilla :
Nombre del editor, distribuidor, etc. Ayuntamiento de Melilla,
Fecha de publicación, distribución, etc. imp. 1982.
300 ## - DESCRIPCIÓN FÍSICA
Extensión 122 p. ;
Dimensiones 21 cm.
490 1# - MENCIÓN DE SERIE
Mención de serie Rusadir ;
Designación de volumen o secuencia 6
710 1# - ENTRADA AGREGADA--NOMBRE DE ENTIDAD CORPORATIVA
Nombre de entidad corporativa o nombre de jurisdicción como elemento de entrada Melilla.
Unidad subordinada Ayuntamiento.
9 (RLIN) 5680
830 0# - PUNTO DE ACCESO ADICIONAL DE SERIE-TÍTULO UNIFORME
Título uniforme Rusadir ;
Designación de volumen o secuencia 6
9 (RLIN) 180773
852 ## - LOCALIZACIÓN
Ubicación ES-MaACL
Número de control de estantería E-15325
Encuadernación Olim P-1802
Holdings
Estatus retirado Estado de pérdida Estado de daño No para préstamo Biblioteca de origen Biblioteca actual Ubicación en estantería Fecha de adquisición Fuente de adquisición Total de préstamos Signatura topográfica completa Código de barras Visto por última vez Precio de reemplazo Tipo de ítem Koha
        Biblioteca del Ateneo de Madrid Biblioteca del Ateneo de Madrid Depósito 2 07/06/2011     E-15325 1187557 23/02/2023 23/02/2023 Libro impreso